000 00180 a2200097 4500
020 _a9780778329510
041 _aeng
100 _aMallery, Susan
245 _aAlready home
942 _cBK
999 _c362
_d362